Kai Madgwick
Durham A
Categories
History - World History | 1 | 4 | 0 | 2 | 55 | 52 | 104.80 | 0 | 3 |
Beliefs | 1 | 2 | 0 | 2 | 35 | 59 | 107.33 | 1 | 1 |
History - European History | 1 | 1 | 0 | 1 | 25 | 59 | 93.00 | 0 | 1 |
Science - Physics | 0 | 2 | 0 | 0 | 20 | 68 | 74.50 | 1 | 2 |
History - American History | 0 | 2 | 1 | 1 | 15 | 74 | 99.50 | 0 | 2 |
World and Other Literature | 0 | 1 | 0 | 0 | 10 | 117 | 117.00 | 0 | 0 |
Other Academic | 0 | 1 | 0 | 0 | 10 | 72 | 72.00 | 1 | 1 |
Other Arts: Auditory | 0 | 1 | 0 | 0 | 10 | 94 | 94.00 | 0 | 1 |
Other Arts: Visual | 0 | 1 | 0 | 0 | 10 | 91 | 91.00 | 0 | 1 |
Other Science: Astronomy | 0 | 1 | 0 | 0 | 10 | 98 | 98.00 | 0 | 1 |
Ancient History and Archaeology | 0 | 1 | 1 | 0 | 5 | 88 | 88.00 | 0 | 1 |
Current Events | 0 | 0 | 1 | 0 | -5 | 0.00 | 0 | 0 |